Disziplinieren und entspannen : Körper in der Schule - eine diskursanalytische Ethnographie.

Bibliographic Details
Main Author: Langer, Antje.
Format: eBook
Language:German
Published: Bielefeld : transcript, 2015.
Edition:1st ed.
Series:Pädagogik
Subjects:
Online Access:Click to View
LEADER 05422nam a22004093i 4500
001 EBC6955781
003 MiAaPQ
005 20231204023223.0
006 m o d |
007 cr cnu||||||||
008 231204s2015 xx o ||||0 ger d
020 |a 9783839409329  |q (electronic bk.) 
020 |z 9783899429329 
035 |a (MiAaPQ)EBC6955781 
035 |a (Au-PeEL)EBL6955781 
035 |a (OCoLC)1049913296 
040 |a MiAaPQ  |b eng  |e rda  |e pn  |c MiAaPQ  |d MiAaPQ 
100 1 |a Langer, Antje. 
245 1 0 |a Disziplinieren und entspannen :  |b Körper in der Schule - eine diskursanalytische Ethnographie. 
250 |a 1st ed. 
264 1 |a Bielefeld :  |b transcript,  |c 2015. 
264 4 |c {copy}2015. 
300 |a 1 online resource (311 pages) 
336 |a text  |b txt  |2 rdacontent 
337 |a computer  |b c  |2 rdamedia 
338 |a online resource  |b cr  |2 rdacarrier 
490 1 |a Pädagogik 
505 0 |a Cover Disziplinieren und entspannen -- Einleitung -- Historische und gegenwärtige Blicke auf Körper und Schule -- Historische Prozesse der Körperdisziplinierung -- Körper, Schule und Geschlecht- aktuelle ethnographische Studien -- Körper, Macht und diskursive Praktiken -- Disziplin, Macht und Selbstsorge -- Disziplinierte Körper - zum Begriff der Disziplin -- Eine Analytik der Macht -- Selbstverhältnisse - Technologien des Selbst -- Diskursive Körper? -- Körper in Interaktionen -- Diskursive Praktiken -- Diskurstheoretische Annahmen -- Zum Stand der Diskursforschung -- Subjekt, Macht und Diskursezur Perfonnativität diskursiver Praktiken -- Der Begriff der Problematisierung -- Grenzen der Diskurse -- Analytische Ebenen der Untersuchung diskursiver Praktiken -- Diskursanalytische Ethnographie - Forschungsprozess und Methoden -- Körperpraktiken in schulischen Interaktionen - zum Prozess der ethnographischen Feldforschung -- »Es riecht nach Schule«- erste Eindrücke im Forschungsfeld -- Forschungsbeziehungen -- Den &gt -- Körper&lt -- in der Institution Schule erforschen -- Die Erweiterung des Materialkorpus -- Zur Auswahl der Medien -- Alles Körper oder was? Von der ersten Sichtung des Materials zu einer thematischen Gliederung -- Forschungspraxis einer interpretativen Analytik -- Theoretical sampling -- Auswertungsmethoden für die Text- und Bildinterpretation -- Reflexion des Forschungsprozesses -- Lernende und gelehrige Körper -- Raumordnung als Sitzordnung -- Geschlechter-Räume -- Auf die Plätze - fertig - los? Die Regel von der Ausnahme der Regel -- UmOrdnungen -- Den Schultag begleiten und bekleiden -- Zeitzeichen -- Kappen ab und Jacken aus! -- »Körperportrait« eines Schülers -- Spiel(räume) der Bewegungen -- Bühnenwechsel -- Übung zwischen Spiel und Zwang -- Körper(bewusstseins)schulung in pädagogischen Texten. 
505 8 |a Körper als Problem: Körperkonzepte zwischen Natur und Kultur -- Körper als Ziel: Körperbewusstes Lernen und Lehren -- Gelehrige und entspannte Körper: Übungen zur Geschlechtsidentität -- Schülerlnnen-Körper -- Körper, Sanktion und Disziplin(-ierung?) -- Phänomene schulischer Sanktion -- Ausschluss und Einschreibung aus der Perspektive der Lehrerinnen -- Zur Tabuisierung von Disziplinieren und Strafen -- Strafe(n) im Spannungsfeld von Legitimation und Tabu -- Das Problem mit der Disziplin: Autorität und Störung -- Disziplin und Disziplinierung: Prävention, Normalisierung, Sanktion -- Rituale als präventive didaktische Praktiken -- Disziplin und Strafe -- Lehrende und gelehrige Körper -- Spiel mit den Grenzen - spiegelnde Inszenierungen -- Über den eigenen Körper sprechen -- Kleider machen Leute -- Autorität verkörpern -- Körperpraktiken von Lehrerinnen -- Der Lehrkörper als Medium pädagogischer Praxis -- Unterrichtseinstiege -- Effektivierungen -- Lehrkörper im Einsatz -- Der Lehrkörper als Lernziel und Übungsobjekt -- Anrufungen durch Expertinnen -- Zur Herstellung eines Lehrkörpers -- Lexikon einer (natürlichen) Körpersprache -- Der kranke Körper als Problem: Selbstsorge und Prävention, Heilung und Vorbild -- Körperpolitiken zwischen Professionalität und Selbst -- Körperliche Bezugnahme als Aspekt pädagogischer Beziehungsarbeit -- Körperkontakte im Unterricht: Beobachtungen -- Körperkontakt als pädagogisches Mittel und die Figur des Hauptschülers -- Grenzen und Grenzziehungen im Rahmen von Moral, Professionalität und Geschlecht -- Geschlechterdifferenzen -- Grenzgänge, institutionelle Rahmung und Machtverhältnisse -- Körperkontakt-eine Leerstelle im Diskurs? -- Körperlicher Bezug als Teil pädagogischer Beziehungsarbeit -- Einsatz- und Gebrauchsweisen des Körpers in der Schule -- Dank -- Literatur -- Zitierte Artikel aus dem Materialkorpus. 
505 8 |a Abbildungsverzeichnis. 
588 |a Description based on publisher supplied metadata and other sources. 
590 |a Electronic reproduction. Ann Arbor, Michigan : ProQuest Ebook Central, 2023. Available via World Wide Web. Access may be limited to ProQuest Ebook Central affiliated libraries.  
655 4 |a Electronic books. 
776 0 8 |i Print version:  |a Langer, Antje  |t Disziplinieren und entspannen  |d Bielefeld : transcript,c2015  |z 9783899429329 
797 2 |a ProQuest (Firm) 
830 0 |a Pädagogik 
856 4 0 |u https://ebookcentral.proquest.com/lib/matrademy/detail.action?docID=6955781  |z Click to View